| 000 | 00875nam a2200241Ia 4500 | ||
|---|---|---|---|
| 003 | OSt | ||
| 005 | 20220923211054.0 | ||
| 006 | a|||||r|||| 00| 0 | ||
| 007 | ta | ||
| 008 | Pun | ||
| 020 |
_a8177700014 (pbk) _c120 |
||
| 024 | _a238,089 | ||
| 037 |
_b237, 17/12/2008, N. R. Book Distributors _cTextual |
||
| 040 |
_aARTS _cARTS _bPun |
||
| 041 |
_2Pun _aPun |
||
| 082 | _aO153:g, P4 | ||
| 100 |
_aਭਾਟੀਆ, ਹਰਿਭਜਨ ਸਿੰਘ _9157886 |
||
| 245 | 0 |
_aਪੰਜਾਬੀ ਆਲੋਚਨਾ _b ਸਿੱਧਾਂਤ ਤੇ ਵਿਹਾਰ |
|
| 260 |
_aਅੰਮ੍ਰਿਤਸਰ _b ਗੁਰੂ ਨਾਨਕ ਦੇਵ ਯੂਨੀਵਰਸਿਟੀ _c2004 |
||
| 300 |
_a243ਪੰ _ccm. |
||
| 942 |
_hO153:g, P4 _cTEXL _2CC |
||
| 999 |
_c294830 _d294830 |
||